000 00888nam a2200277 a 4500
001 000012670
005 20240412074234.0
008 091116s1993 dr c 000 0 spa d
040 _aDO-SdBNP
_bspa
_cBNPHU
082 _aRD864.44
_bM671L
100 1 _aMir, Pedro,
_d1913-2000
_97245
245 1 3 _aEl lapicida de los ojos morados /
_cPedro Mir.
260 _aSanto Domingo, :
_bTaller,
_c1993.
300 _a315 p.
490 1 _aBiblioteca Taller
_v295
500 _aIncluye referencias bibliográficas y notas al pie de las páginas
650 4 _aComunicación oral
_912102
650 4 _aEstética literaria
_98066
650 4 _aEscritura
_928156
650 4 _aLinguaje y lenguas
_929446
650 4 _aEnsayo dominicano
_929447
650 0 _aLiteratura dominicana.
_967
830 0 _aBiblioteca Taller
_n295
_929448
910 _aValidado. Control de validad MFF
049 _aBNPD
999 _c12321
_d12321